00357nam a2200133 a 4500008004100000020001500041050001500056100001700071245005700088250001200145260003500157300002200192350000900214120416s1990 ||||||||||||||||| || u a9061911435 aTA 710 Ram aRamiah, B. K10aSoil mechanics and foundation engineering. (2nd ed.) a2nd ed. aRotterdambA. A. Balkemac1990 axvii, 576p. : ill a0.00